000 00527nam a2200181 i 4500
001 147250
003 ES-MaACL
005 20230906201912.0
007 t|
008 070925s1969 sp |||| | spa d
080 _a821.135.1-14"19"
100 1 _aTzara, Tristan.
_9150006
245 1 0 _aPoemas /
_cTristán Tzara ; traducción, selección y prólogo de Fernando Millán.
260 _a[Madrid :
_bA. Corazón],
_c1969.
300 _a141 p. ;
_c20 cm.
700 1 _aMillán, Fernando.
_981126
852 _aES-MaACL
_jC-33798
999 _c147250
_d147250